000 00874nam a2200265 i 4500
001 12491
003 ES-MaACL
005 20230906150326.0
007 t|
008 901130s1989 sp ||||0| spa j
016 7 _zSAB9000097482
020 _a84-7483-528-3
040 _aM-BN-DP
_bspa
_cM-BN-DP
080 _a016:087.5
080 _a087.5:016
100 1 _aBermejo, Amalia.
_928081
245 1 0 _aApéndice a la bibliografía básica para bibliotecas infantiles y juveniles, 1985-88 /
_cAmalia Bermejo Gordón.
260 _aMadrid :
_bDirección General del Libro y Bibliotecas,
_c1989.
300 _a193 p ;
_c24 cm.
500 _aIndices.
504 _aBibliografía.
650 1 4 _aLibros infantiles y juveniles-
_vBibliografías.
_914450
710 1 _aEspaña.
_bDirección General del Libro y Bibliotecas.
_93788
852 _aES-MaACL
_jL-19691
_bR.122013
999 _c12491
_d12491